Football/Soccer A-Z - Statistics

General Stats
  • This quiz has been taken 3,518 times
    2,699 since last reset
  • The average score is 16 of 26
Answer Stats
Letter Hint Answer % Correct
A The team in north London Arsenal
97%
B Winners of a record 5 World Cups Brazil
96%
G Manchester City's manager Pep Guardiola
83%
R Real Madrid and Portugal forward Ronaldo
82%
D First name of the former Manchester United, Real Madrid and England player David (Beckham)
81%
Q Hosts of the 2022 World Cup Qatar
81%
P Possibly the greatest player ever Pele
80%
O Manchester United's home stadium Old Trafford
79%
Z French player who was sent off in the 2006 World Cup final Zinedine Zidane
78%
X Former Barcelona and Spain midfielder Xavier Hernández
77%
N Winners of the 2013 Africa Cup of Nations Nigeria
74%
L Bayern Munich right back and midfielder with 113 Germany caps Philipp Lahm
72%
E Brand of Electronic Arts that develops the FIFA video game series EA Sports
71%
F Colombian footballer who plays for AS Monaco Radamel Falaco
71%
V The former team of David Villa and Roberto Soldado Valencia CF
63%
T The nickname of Everton The Toffees
50%
K South Korea's primary football league K-League
49%
M The stadium that hosted the 2014 World Cup final Estádio do Maracanã
46%
U American MLS team: Philadelphia U...... Philadelphia Union
45%
C North American football's governing body CONCACAF
33%
J Premiership team from Perth, Scotland: St......... St. Johnstone
32%
Y England winger Ashley Young
27%
S Famous manager of Liverpool from 1959 to 1974 Bill Shankly
24%
I Argentine football team with 7 Copa Libertadores titles Club Atlético Independiente
24%
H English footballer who played for teams like Liverpool and Australian side Newcastle Jets Emile Heskey
18%
W Borussia Dortmund's stadium Westfalenstadion
13%
No matching quizzes found
Score Distribution
Percent of People with Each Score
Percentile by Number Answered
Your Score History
You have not taken this quiz since the last reset